[Event "4NCL Online Division 3"]
[Site "online"]
[Date "2021.02.23"]
[EventDate "2021.02.23"]
[Round "3.54"]
[White "Bleeg, Elliott"]
[WhiteElo "1309"]
[WhiteTeam "Downend 2"]
[Black "Flynn, David"]
[BlackElo "1914"]
[BlackTeam "Ashfield Anonymous B"]
[Result "0-1"]
[PlyCount "46"]

1. e4 c5 2. Nf3 Nc6 3. d4 cxd4 4. Nxd4 g6 5. Nc3 Bg7 6. Nxc6 bxc6 7. Bc4 d6 8. O-O Nf6 9. Bg5 O-O 10. Qd2 Qb6 11. a3 Re8 12. Qd3 Nd7 13. b4 Ne5 14. Qe2 Nxc4 15. Qxc4 Ba6 16. Qb3 Bxf1 17. Rxf1 Qd4 18. Bd2 Qxd2 19. Na4 Qd4 20. Qf3 a5 21. Qe3 Qxe3 22. fxe3 axb4 23. axb4 Rxa4 0-1

[Event "4NCL Online Division 3"]
[Site "online"]
[Date "2021.02.23"]
[EventDate "2021.02.23"]
[Round "3.61"]
[White "Arora, Tashika"]
[WhiteElo "1885"]
[WhiteTeam "Oxford 3"]
[Black "Sandhu, Manvith"]
[BlackElo "1991"]
[BlackTeam "Warwickshire Bears A"]
[Result "0-1"]
[PlyCount "132"]

1. d4 d5 2. Nf3 Nf6 3. c4 c6 4. Nc3 e6 5. g3 Nbd7 6. Bg2 dxc4 7. a4 Be7 8. O-O O-O 9. Nd2 Nb6 10. a5 Nbd5 11. Nxc4 Nxc3 12. bxc3 Nd5 13. Qc2 c5 14. e4 Nf6 15. Rd1 cxd4 16. cxd4 Qc7 17. Bf4 Qd7 18. Qb3 Rd8 19. Rac1 Nh5 20. Be3 Nf6 21. Ne5 Qe8 22. f3 Nd7 23. Nc4 b6 24. Bf4 Ba6 25. Bf1 bxa5 26. Nxa5 Bxf1 27. Kxf1 Nb6 28. Nc6 Rd7 29. Nxa7 Rdxa7 30. Qxb6 Ra2 31. Rd2 Qa4 32. Qc6 Qb3 33. Rxa2 Rxa2 34. Qc3 Qb5+ 35. Qc4 Qb2 36. Qxa2 Qxa2 37. g4 h6 38. Kg1 Qe2 39. Rf1 Bf6 40. e5 Bd8 41. Rf2 Qd1+ 42. Kg2 Qxd4 43. Bg3 Bb6 44. h3 Qc4 45. Rb2 Bd4 46. Rd2 Be3 47. Rb2 Qc1 48. Rf2 Bxf2 49. Bxf2 Qd2 50. Kg1 Qe2 51. Kg2 Qxe5 52. Bg3 Qe2+ 53. Bf2 g6 54. h4 g5 55. hxg5 hxg5 56. Kg3 f5 57. gxf5 exf5 58. Kg2 Kf7 59. Kg3 g4 60. fxg4 fxg4 61. Kg2 Kg6 62. Kg1 Kf5 63. Kg2 Ke4 64. Kg1 Kf3 65. Kh1 Qf1+ 66. Bg1 Qg2# 0-1

[Event "4NCL Online Division 3"]
[Site "online"]
[Date "2021.02.23"]
[EventDate "2021.02.23"]
[Round "3.62"]
[White "Pal, Rohan"]
[WhiteElo "1891"]
[WhiteTeam "Warwickshire Bears A"]
[Black "Hobson, Kenneth"]
[BlackElo "1930"]
[BlackTeam "Oxford 3"]
[Result "0-1"]
[PlyCount "62"]

1. e4 e5 2. Nc3 Nc6 3. g3 d6 4. Bg2 f5 5. d3 Nf6 6. Nge2 Be7 7. O-O fxe4 8. dxe4 Bg4 9. f3 Be6 10. Nd5 Qd7 11. c4 h5 12. Be3 h4 13. Kf2 O-O-O 14. Nec3 Bh3 15. g4 Bxg2 16. Kxg2 a6 17. a4 h3+ 18. Kf2 Rdf8 19. Ke1 Rf7 20. Kd2 Nd4 21. Bxd4 exd4 22. Nb5 Nxd5 23. exd5 Bg5+ 24. Kc2 Re8 25. Nxd4 Rfe7 26. Rf2 Be3 27. Re2 Bxd4 28. Rxe7 Qxe7 29. Qxd4 Qe2+ 30. Qd2 Qxc4+ 31. Kd1 Qf1+ 0-1

[Event "4NCL Online Division 3"]
[Site "online"]
[Date "2021.02.23"]
[EventDate "2021.02.23"]
[Round "3.63"]
[White "Terry, Sean"]
[WhiteElo "1939"]
[WhiteTeam "Oxford 3"]
[Black "Chen, Daniel Xingyu"]
[BlackElo "1763"]
[BlackTeam "Warwickshire Bears A"]
[Result "1-0"]
[PlyCount "47"]

1. Nc3 g6 2. d4 d5 3. Bf4 c6 4. Qd2 Bg7 5. h4 Bf5 6. f3 Qb6 7. O-O-O Na6 8. g4 Bd7 9. e3 e6 10. Na4 Qd8 11. Bxa6 bxa6 12. Nc5 Qb6 13. b3 Bf8 14. Qc3 f6 15. g5 Rd8 16. h5 gxh5 17. Rxh5 Bg7 18. Qd3 e5 19. Rxh7 e4 20. Nxe4 dxe4 21. Qxe4+ Ne7 22. Rxg7 Qb4 23. gxf6 Qa3+ 24. Kb1 1-0

[Event "4NCL Online Division 3"]
[Site "online"]
[Date "2021.02.23"]
[EventDate "2021.02.23"]
[Round "3.64"]
[White "Dicen, Elis Denele"]
[WhiteElo "1726"]
[WhiteTeam "Warwickshire Bears A"]
[Black "Finn, Chris"]
[BlackElo "1889"]
[BlackTeam "Oxford 3"]
[Result "0-1"]
[PlyCount "108"]

1. d4 e6 2. Bf4 d5 3. e3 Nf6 4. Nf3 Bd6 5. Bg3 c5 6. c3 O-O 7. Bd3 Qc7 8. Nbd2 Nc6 9. Qe2 Bxg3 10. hxg3 e5 11. dxe5 Nxe5 12. Nxe5 Qxe5 13. Nf3 Qe7 14. O-O-O Bg4 15. Rh4 h5 16. Kb1 g6 17. Bc2 a6 18. Qd2 Ne4 19. Qe1 Rfd8 20. Rc1 b5 21. Nh2 g5 22. Rxg4 hxg4 23. Nxg4 Kg7 24. f4 Rh8 25. Ne5 f6 26. Nf3 Rad8 27. fxg5 fxg5 28. Rd1 g4 29. Ng1 Rh1 30. Qe2 Qe6 31. Bb3 c4 32. Bc2 Rf8 33. Qe1 Rf2 34. Rc1 Rxg2 35. a3 Rhxg1 36. Qxg1 Rxg1 37. Rxg1 Nd2+ 38. Ka2 Qxe3 39. Ra1 Qxg3 40. a4 Qc7 41. Rd1 Qf4 42. Ra1 g3 43. Rd1 g2 44. Rg1 Qf2 45. Rxg2+ Qxg2 46. axb5 axb5 47. Ka3 Ne4 48. Bxe4 dxe4 49. b3 e3 50. bxc4 bxc4 51. Ka4 Qb2 52. Ka5 e2 53. Ka4 e1=Q 54. Ka5 Qea1# 0-1

[Event "4NCL Online Division 3"]
[Site "online"]
[Date "2021.02.23"]
[EventDate "2021.02.23"]
[Round "3.71"]
[White "Dunlop, Anthony"]
[WhiteElo "1767"]
[WhiteTeam "East Kilbride Strollers"]
[Black "Jenkins, John"]
[BlackElo "2061"]
[BlackTeam "Stroud Oldies"]
[Result "0-1"]
[PlyCount "76"]

1. f4 g6 2. e4 Bg7 3. Nf3 d6 4. c3 Nd7 5. Bc4 e6 6. O-O a6 7. d4 Ne7 8. Ng5 Nb6 9. Bb3 h6 10. Nf3 O-O 11. e5 Nd7 12. Qe2 d5 13. Bc2 c5 14. dxc5 Nxc5 15. Nd4 b5 16. b4 Nd7 17. Be3 Qc7 18. a4 bxa4 19. Rxa4 Nb6 20. Ra2 Bb7 21. Bd3 Nc4 22. Bf2 a5 23. b5 Nf5 24. Nxf5 gxf5 25. Nd2 Rfc8 26. Bd4 a4 27. g4 fxg4 28. Qxg4 Qe7 29. Kf2 Kh8 30. Rg1 Qf8 31. Bc2 Nxd2 32. f5 exf5 33. Qxf5 Ne4+ 34. Bxe4 dxe4 35. Ke3 Rd8 36. Rag2 Rxd4 37. cxd4 Qa3+ 38. Ke2 Qf3+ 0-1

[Event "4NCL Online Division 3"]
[Site "online"]
[Date "2021.02.23"]
[EventDate "2021.02.23"]
[Round "3.73"]
[White "Peakman, Jonlee"]
[WhiteElo "1261"]
[WhiteTeam "East Kilbride Strollers"]
[Black "Walker, Adrian"]
[BlackElo "1741"]
[BlackTeam "Stroud Oldies"]
[Result "0-1"]
[PlyCount "70"]

1. d4 d6 2. Nf3 Nd7 3. c4 Ngf6 4. Nc3 e5 5. d5 Be7 6. e4 h6 7. Be2 Nf8 8. O-O g5 9. Bd2 Ng6 10. h3 g4 11. hxg4 Bxg4 12. Nh2 Bxe2 13. Qxe2 Qd7 14. b4 h5 15. f3 Rg8 16. Qf2 Nh7 17. c5 Nh4 18. g3 Bg5 19. Bxg5 Nxg5 20. Kh1 Nhxf3 21. Nxf3 Nxf3 22. Kg2 Ng5 23. Rh1 Qe7 24. Rxh5 O-O-O 25. cxd6 Rxd6 26. Qxa7 Ra6 27. Qf2 Rf6 28. Qd2 Nf3 29. Qd3 Qxb4 30. Rf1 Qb2+ 31. Ne2 Nd4 32. Rxf6 Nxe2 33. Rf2 Nf4+ 34. Kf3 Nxd3 35. Rxb2 Nxb2 0-1

[Event "4NCL Online Division 3"]
[Site "online"]
[Date "2021.02.23"]
[EventDate "2021.02.23"]
[Round "3.74"]
[White "Reekie-Black, Matthew"]
[WhiteElo "1619"]
[WhiteTeam "Stroud Oldies"]
[Black "Shrestha, Deepesh"]
[BlackElo "1242"]
[BlackTeam "East Kilbride Strollers"]
[Result "1-0"]
[PlyCount "61"]

1. e4 c6 2. d4 d5 3. f3 dxe4 4. fxe4 e5 5. Nf3 Bg4 6. Bc4 exd4 7. Bxf7+ Kxf7 8. Ne5+ Ke8 9. Nxg4 Nf6 10. Bg5 Be7 11. Nxf6+ Bxf6 12. Bxf6 Qxf6 13. Nd2 Rf8 14. Qg4 Qf2+ 15. Kd1 Kf7 16. Rf1 Kg8 17. Rxf2 Rxf2 18. Ke1 Rf8 19. Qe6+ Kh8 20. Ke2 Na6 21. Rf1 Rg8 22. Nf3 Nc5 23. Qd6 Nxe4 24. Qxd4 Rge8 25. Ne5 Nf6 26. Kf2 Rxe5 27. Kg1 Rd5 28. Qb4 Rd7 29. g4 Nd5 30. Rf8+ Rxf8 31. Qxf8# 1-0

[Event "4NCL Online Division 3"]
[Site "online"]
[Date "2021.02.23"]
[EventDate "2021.02.23"]
[Round "3.81"]
[White "Tarling, Ray"]
[WhiteElo "1944"]
[WhiteTeam "Guildford Gatekeepers"]
[Black "Raghavan, Rajeev P"]
[BlackElo "1862"]
[BlackTeam "Shropshire 3"]
[Result "1-0"]
[PlyCount "135"]

1. e4 d5 2. exd5 Qxd5 3. Nc3 Qd6 4. d4 Nf6 5. Nf3 a6 6. Bc4 Bg4 7. h3 Bh5 8. g4 Bg6 9. Bb3 Nc6 10. Be3 e6 11. Ne2 Nd5 12. c3 Be4 13. Bxd5 Qxd5 14. Nf4 Qb5 15. b3 Be7 16. a4 Qa5 17. b4 Nxb4 18. cxb4 Bxb4+ 19. Kf1 g5 20. Nh5 Be7 21. Kg2 O-O-O 22. Ng3 Bc6 23. Re1 Qd5 24. Qe2 f5 25. Bc1 Kb8 26. Qd3 f4 27. Ne4 e5 28. Nc3 Qxd4 29. Qxd4 Rxd4 30. Ne2 Rd3 31. Ng1 Bf6 32. Bb2 Re8 33. Ra3 Rxa3 34. Bxa3 Rd8 35. Bb2 Re8 36. Kh2 Bxa4 37. Nxe5 Kc8 38. Ngf3 Rd8 39. Nc4 Bxb2 40. Nxb2 Bc6 41. Ne5 Bb5 42. Rd1 Re8 43. Nec4 Re2 44. Kg1 Rc2 45. Rd4 f3 46. h4 gxh4 47. g5 h3 48. Rf4 h2+ 49. Kxh2 Rxf2+ 50. Kg3 Rg2+ 51. Kxf3 Rxg5 52. Nd3 Rh5 53. Nce5 Rh3+ 54. Ke4 b6 55. Kd4 c5+ 56. Ke4 c4 57. Rf8+ Kb7 58. Rf7+ Kc8 59. Rf8+ Kc7 60. Rf7+ Kd6 61. Rf6+ Ke7 62. Rf7+ Ke8 63. Nf4 Rh4 64. Ra7 c3 65. Kf5 Rh6 66. Nd5 Rd6 67. Nf6+ Kf8 68. Rf7# 1-0

[Event "4NCL Online Division 3"]
[Site "online"]
[Date "2021.02.23"]
[EventDate "2021.02.23"]
[Round "3.82"]
[White "Kolbusz, George"]
[WhiteElo "1859"]
[WhiteTeam "Shropshire 3"]
[Black "Kammin, Samuel"]
[BlackElo "1742"]
[BlackTeam "Guildford Gatekeepers"]
[Result "0-1"]
[PlyCount "66"]

1. d4 e6 2. g3 f5 3. Bg2 Nf6 4. c4 Be7 5. Nc3 O-O 6. Nf3 d6 7. O-O Qe8 8. b3 Nbd7 9. Bb2 Qh5 10. Qc2 e5 11. dxe5 dxe5 12. e4 f4 13. gxf4 exf4 14. Nd5 Nxd5 15. cxd5 Bf6 16. Bxf6 Nxf6 17. Kh1 Bg4 18. Qd3 Rad8 19. Nd2 Nxd5 20. exd5 f3 21. Kg1 Rxd5 22. Qc4 b5 23. Qc3 fxg2 24. Rfe1 Qf5 25. Ne4 Rfd8 26. Ng3 Qf7 27. Kxg2 Rd2 28. Qe3 R2d3 29. Qe5 Rf8 30. Rf1 Bf3+ 31. Kg1 Rd5 32. Qe3 Qd7 33. Rae1 Rd6 0-1

[Event "4NCL Online Division 3"]
[Site "online"]
[Date "2021.02.23"]
[EventDate "2021.02.23"]
[Round "3.83"]
[White "Merriman, Rob"]
[WhiteElo "1761"]
[WhiteTeam "Guildford Gatekeepers"]
[Black "Clark, Matthew D H"]
[BlackElo "1833"]
[BlackTeam "Shropshire 3"]
[Result "1/2-1/2"]
[PlyCount "87"]

1. e4 c5 2. Nf3 d6 3. d4 cxd4 4. Nxd4 Nf6 5. f3 e5 6. Nb3 Be6 7. c4 Be7 8. Be3 O-O 9. Nc3 Nc6 10. Be2 a6 11. O-O Rc8 12. a3 Na5 13. Nxa5 Qxa5 14. Nd5 Nxd5 15. cxd5 Bd7 16. b4 Qa4 17. Qb1 Qc2 18. Qxc2 Rxc2 19. Bd1 Rc3 20. Bd2 Rc7 21. Bb3 Rfc8 22. Rfc1 f5 23. Kf2 f4 24. Ke1 Rxc1+ 25. Rxc1 Rxc1+ 26. Bxc1 Bd8 27. Kd2 Bb6 28. a4 Be3+ 29. Kc2 Bxc1 30. Kxc1 g5 31. h3 h5 32. Bd1 Kf7 33. Kd2 Kf6 34. Kc3 b5 35. Be2 Ke7 36. Kd2 Kd8 37. axb5 axb5 38. Ke1 Ke7 39. Kf2 Kf6 40. g3 h4 41. gxf4 gxf4 42. Ke1 Ke7 43. Bf1 Kd8 44. Kf2 1/2-1/2

[Event "4NCL Online Division 3"]
[Site "online"]
[Date "2021.02.23"]
[EventDate "2021.02.23"]
[Round "3.84"]
[White "Rooney, Steve"]
[WhiteElo "1864"]
[WhiteTeam "Shropshire 3"]
[Black "Tarling, Adam"]
[BlackElo "1670"]
[BlackTeam "Guildford Gatekeepers"]
[Result "1-0"]
[PlyCount "67"]

1. d4 Nf6 2. Bf4 d5 3. e3 c5 4. c3 Nc6 5. Nf3 Qb6 6. Qc2 Bg4 7. Nbd2 c4 8. Be2 e6 9. O-O Be7 10. Rfe1 h6 11. Ne5 Bxe2 12. Rxe2 Nxe5 13. Bxe5 Bd6 14. f4 Nh5 15. Nf3 O-O-O 16. b4 Rhg8 17. a4 Nf6 18. b5 Ne4 19. Nd2 Nxd2 20. Qxd2 f6 21. Bxd6 Qxd6 22. a5 g5 23. Rae1 gxf4 24. exf4 Rde8 25. Kh1 f5 26. Re5 Rg6 27. Qe2 Kd7 28. g3 Reg8 29. Re3 Qe7 30. Re5 Rh8 31. Rxd5+ Ke8 32. Rxf5 Qd7 33. Re5 Kf7 34. f5 1-0

[Event "4NCL Online Division 3"]
[Site "online"]
[Date "2021.02.23"]
[EventDate "2021.02.23"]
[Round "3.91"]
[White "Robbings, Andrew MJ"]
[WhiteElo "1970"]
[WhiteTeam "Wantage A"]
[Black "Hunt, Peter"]
[BlackElo "2015"]
[BlackTeam "MK Phoenix 2"]
[Result "1/2-1/2"]
[PlyCount "90"]

1. e4 d6 2. d4 Nf6 3. Bd3 e5 4. d5 c6 5. c4 Be7 6. h3 Nbd7 7. Nc3 Qb6 8. Nf3 cxd5 9. cxd5 Nc5 10. Bc2 Bd7 11. O-O h6 12. a3 Rc8 13. Na4 Nxa4 14. Bxa4 O-O 15. Bxd7 Nxd7 16. b4 Rc3 17. Bd2 Rc4 18. Be3 Qc7 19. Rc1 Rxc1 20. Qxc1 Rc8 21. Qxc7 Rxc7 22. Rc1 Rxc1+ 23. Bxc1 f5 24. exf5 Nf6 25. Nd2 Nxd5 26. Ne4 Kf7 27. Kf1 Nf6 28. Nxf6 Bxf6 29. Be3 a6 30. a4 d5 31. Bb6 Be7 32. b5 Kf6 33. g4 h5 34. f3 hxg4 35. hxg4 g6 36. fxg6 Kxg6 37. Ke2 Bg5 38. bxa6 bxa6 39. Kd3 Bh4 40. Bc7 Bg3 41. Bd8 Kf7 42. Ke3 Bf4+ 43. Kd3 Bg3 44. Ke3 Bf4+ 45. Kd3 Bg3 1/2-1/2

[Event "4NCL Online Division 3"]
[Site "online"]
[Date "2021.02.23"]
[EventDate "2021.02.23"]
[Round "3.92"]
[White "Cox, Toby"]
[WhiteElo "1995"]
[WhiteTeam "MK Phoenix 2"]
[Black "Carter, John P"]
[BlackElo "1886"]
[BlackTeam "Wantage A"]
[Result "1-0"]
[PlyCount "113"]

1. e4 e5 2. f4 d5 3. exd5 e4 4. d3 Nf6 5. dxe4 Nxe4 6. Nf3 Bc5 7. Qe2 Qe7 8. Be3 Bb4+ 9. Nbd2 O-O 10. O-O-O Re8 11. Nxe4 Qxe4 12. Ne5 f6 13. Rd4 Qf5 14. Rxb4 fxe5 15. Qd3 e4 16. Qd4 c6 17. Bc4 Kh8 18. h3 b6 19. g4 Qf8 20. Rb3 c5 21. Qd2 Ba6 22. Bxa6 Nxa6 23. c4 Nb4 24. Kb1 g6 25. Rf1 Nd3 26. f5 Ne5 27. Bh6 Qf7 28. Qe2 Nf3 29. fxg6 hxg6 30. Bc1 Kh7 31. Re3 Rad8 32. Ka1 Qg7 33. Rxe4 Nd4 34. Qd3 Rf8 35. Rfe1 Rf3 36. Qd1 Rdf8 37. Be3 Rxh3 38. Bxd4 cxd4 39. Qxd4 Qxd4 40. Rxd4 Re8 41. Rf1 Rf8 42. Re1 Re8 43. Red1 Rhe3 44. d6 Rd8 45. d7 Kg7 46. b4 Kf7 47. Kb2 Ke7 48. c5 Re2+ 49. Kb3 Re3+ 50. Kc4 bxc5 51. bxc5 Re2 52. c6 Rc2+ 53. Kd5 Rh8 54. Re4+ Kd8 55. Kd6 g5 56. c7+ Rxc7 57. Re8+ 1-0

[Event "4NCL Online Division 3"]
[Site "online"]
[Date "2021.02.23"]
[EventDate "2021.02.23"]
[Round "3.93"]
[White "Morris, Stephen A"]
[WhiteElo "1840"]
[WhiteTeam "Wantage A"]
[Black "Williamson, Kevin J"]
[BlackElo "1973"]
[BlackTeam "MK Phoenix 2"]
[Result "1/2-1/2"]
[PlyCount "100"]

1. d4 d5 2. c4 Nc6 3. Nc3 Nf6 4. Nf3 dxc4 5. e4 Bg4 6. Be3 e6 7. a3 Be7 8. Bxc4 O-O 9. e5 Nd7 10. h3 Bh5 11. Bd3 Bg6 12. Bxg6 hxg6 13. Qc2 Nb6 14. b3 Nd5 15. Nxd5 Qxd5 16. O-O Rac8 17. Rfd1 Rfd8 18. b4 a5 19. bxa5 Nxa5 20. Bg5 Bxg5 21. Nxg5 Nc6 22. Nf3 Rd7 23. Rd2 Rcd8 24. Rad1 Ne7 25. Qc3 Qe4 26. Re1 Qf5 27. Red1 Nd5 28. Qd3 Qxd3 29. Rxd3 Ne7 30. R3d2 b6 31. Kf1 Kf8 32. Ke2 Nd5 33. Kf1 Ke7 34. g3 Ra8 35. Rd3 Ra4 36. Ne1 Rd8 37. Nc2 Rda8 38. R1d2 b5 39. Rb3 c6 40. Nb4 Nxb4 41. axb4 Ra3 42. Rdd3 Rxb3 43. Rxb3 Ra2 44. Ke1 Kd7 45. Rf3 Ke7 46. Rb3 f6 47. f4 f5 48. g4 Ke8 49. gxf5 gxf5 50. Rc3 Ra6 1/2-1/2

[Event "4NCL Online Division 3"]
[Site "online"]
[Date "2021.02.23"]
[EventDate "2021.02.23"]
[Round "3.94"]
[White "Elwin, Adrian G"]
[WhiteElo "1956"]
[WhiteTeam "MK Phoenix 2"]
[Black "Hemmings, Peter J"]
[BlackElo "1626"]
[BlackTeam "Wantage A"]
[Result "1-0"]
[PlyCount "77"]

1. d4 d5 2. c4 e6 3. Nc3 Nf6 4. Bg5 Nbd7 5. Nf3 c6 6. e3 Be7 7. Bd3 O-O 8. O-O Ne8 9. Bf4 Bd6 10. Bxd6 Nxd6 11. c5 Ne8 12. e4 dxe4 13. Nxe4 Ndf6 14. Qc2 Nxe4 15. Bxe4 Nf6 16. Rad1 g6 17. Ne5 Nxe4 18. Qxe4 Qd5 19. Qf4 Qd8 20. Nc4 b6 21. Nd6 bxc5 22. dxc5 Qa5 23. b4 Qc7 24. Rfe1 a5 25. a3 axb4 26. axb4 Qe7 27. Re3 f5 28. Qe5 Bd7 29. Nc4 Ra7 30. Nb6 Re8 31. Red3 Bc8 32. Rd6 Qg7 33. Qxg7+ Kxg7 34. Rxc6 Bb7 35. Rc7+ Kh6 36. f4 Rb8 37. c6 Bxc6 38. Rxa7 Rxb6 39. Rd6 1-0

[Event "4NCL Online Division 3"]
[Site "online"]
[Date "2021.02.23"]
[EventDate "2021.02.23"]
[Round "3.101"]
[White "Chaplin, Peter E"]
[WhiteElo "2041"]
[WhiteTeam "Clevedon"]
[Black "De Jonge, Henk"]
[BlackElo "1943"]
[BlackTeam "Cork"]
[Result "1-0"]
[PlyCount "43"]

1. b3 d5 2. Nf3 c5 3. e4 dxe4 4. Ne5 Nf6 5. Bb2 Nbd7 6. Nc4 b6 7. Nc3 Bb7 8. Qe2 e6 9. O-O-O a6 10. d3 exd3 11. Rxd3 Qc7 12. a4 Be7 13. h4 h6 14. h5 O-O-O 15. f3 Nb8 16. a5 Qf4+ 17. Kb1 Nbd7 18. Na4 b5 19. Nab6+ Kc7 20. Nxd7 Nxd7 21. Ne5 Rhf8 22. Nxd7 1-0

[Event "4NCL Online Division 3"]
[Site "online"]
[Date "2021.02.23"]
[EventDate "2021.02.23"]
[Round "3.102"]
[White "Lawrence, Simon"]
[WhiteElo "1779"]
[WhiteTeam "Cork"]
[Black "Peters, David"]
[BlackElo "1813"]
[BlackTeam "Clevedon"]
[Result "1-0"]
[PlyCount "69"]

1. d4 d5 2. c4 c6 3. Nc3 Nf6 4. Nf3 e6 5. e3 Nbd7 6. Bd3 Be7 7. O-O dxc4 8. Bxc4 b5 9. Bd3 a6 10. e4 O-O 11. Qe2 Bb7 12. e5 Nd5 13. Nxd5 cxd5 14. Be3 Re8 15. Rfc1 Rc8 16. Rxc8 Qxc8 17. Rc1 Qb8 18. Qc2 Nf8 19. Ng5 Bxg5 20. Bxg5 Rc8 21. Qd1 Rxc1 22. Qxc1 Qc8 23. Qd2 Nd7 24. Be7 Nb6 25. Bc5 Nd7 26. b4 Qd8 27. g3 Nb6 28. Qc2 g6 29. h4 Nc4 30. Qc1 f5 31. Qh6 Bc6 32. g4 Bd7 33. gxf5 gxf5 34. Be2 Kh8 35. Bf8 1-0

[Event "4NCL Online Division 3"]
[Site "online"]
[Date "2021.02.23"]
[EventDate "2021.02.23"]
[Round "3.103"]
[White "Iles, Stuart P"]
[WhiteElo "1769"]
[WhiteTeam "Clevedon"]
[Black "Bradley, Michael"]
[BlackElo "1423"]
[BlackTeam "Cork"]
[Result "1/2-1/2"]
[PlyCount "123"]

1. b4 e5 2. a3 d6 3. Bb2 f5 4. Nf3 Nf6 5. e3 Be7 6. Be2 O-O 7. d3 c6 8. Nbd2 Be6 9. c4 Nbd7 10. O-O Qc7 11. Ng5 Bf7 12. Nxf7 Rxf7 13. Nf3 Ng4 14. h3 Nh6 15. e4 Raf8 16. Bc1 f4 17. d4 Kh8 18. c5 b6 19. Bc4 Rf6 20. Ng5 Re8 21. Qh5 Rg6 22. Ne6 Qc8 23. cxd6 Bxd6 24. Ng5 Nf6 25. Qh4 Re7 26. dxe5 Bxe5 27. Ra2 b5 28. Bb3 Qc7 29. Ne6 Qc8 30. Nxf4 Bxf4 31. Bxf4 Rxe4 32. f3 Rd4 33. Re2 Nf5 34. Qe1 Rxf4 35. Be6 Qd8 36. Qc1 Qd4+ 37. Kh2 Ne7 38. Rd1 Qb6 39. Qxf4 h6 40. Bf7 Nfd5 41. Bxd5 Nxd5 42. Qf8+ Kh7 43. Re8 Qc7+ 44. Kh1 Rf6 45. Qc5 a6 46. Qc2+ Rg6 47. Rde1 Qg3 48. R8e6 Nf4 49. Rxg6 Nxg6 50. Re6 h5 51. Qxc6 Nf4 52. Qc2+ Ng6 53. Rxa6 h4 54. Qxg6+ Qxg6 55. Rxg6 Kxg6 56. Kg1 Kf5 57. Kf2 Kf4 58. Kg1 Kg3 59. Kf1 Kf4 60. Kg1 Kg3 61. Kf1 Kf4 62. Kg1 1/2-1/2

[Event "4NCL Online Division 3"]
[Site "online"]
[Date "2021.02.23"]
[EventDate "2021.02.23"]
[Round "3.104"]
[White "Ranade, Akshay"]
[WhiteElo "1215"]
[WhiteTeam "Cork"]
[Black "Chindelevitch, Leonid"]
[BlackElo "1728"]
[BlackTeam "Clevedon"]
[Result "0-1"]
[PlyCount "32"]

1. c4 e5 2. g3 Nf6 3. Bg2 c6 4. Nc3 d5 5. cxd5 cxd5 6. d3 Bb4 7. Bd2 Bf5 8. Nf3 Nc6 9. O-O O-O 10. a3 Ba5 11. b4 Bb6 12. Rc1 Re8 13. Qb3 e4 14. dxe4 dxe4 15. Ng5 Qxd2 16. Nxf7 Be6 0-1

[Event "4NCL Online Division 3"]
[Site "online"]
[Date "2021.02.23"]
[EventDate "2021.02.23"]
[Round "3.111"]
[White "Cheal, Barry A"]
[WhiteElo "2162"]
[WhiteTeam "Hertford 1"]
[Black "Shepherd, Tom"]
[BlackElo "2018"]
[BlackTeam "MCS Oxford A"]
[Result "1/2-1/2"]
[PlyCount "107"]

1. b3 Nf6 2. Bb2 g6 3. e3 Bg7 4. Be2 O-O 5. Nf3 d5 6. O-O c5 7. d4 Nc6 8. dxc5 Qa5 9. Nbd2 Qxc5 10. Rc1 Ne4 11. Bxg7 Kxg7 12. c4 Nxd2 13. Qxd2 dxc4 14. Rxc4 Qb6 15. Rd1 Bf5 16. Nd4 Nxd4 17. Rxd4 Rac8 18. e4 Be6 19. h3 a6 20. Bf3 Rc7 21. Qb2 Kg8 22. h4 Rc5 23. R4d2 Rfc8 24. Qd4 Qc7 25. g3 Rc3 26. Rd3 Rxd3 27. Rxd3 Qc5 28. Qxc5 Rxc5 29. Rd2 a5 30. Bd1 Rc1 31. Kg2 Kg7 32. f3 h5 33. Kf2 Rc3 34. Rc2 Rxc2+ 35. Bxc2 Kf6 36. Ke3 Ke5 37. f4+ Kd6 38. Kd4 Bd7 39. a3 b6 40. Bd3 Be6 41. b4 axb4 42. axb4 Bb3 43. Bb1 e6 44. Bd3 Ba4 45. Bc4 Bc6 46. Be2 Bd7 47. e5+ Kc7 48. g4 hxg4 49. Bxg4 Kd8 50. Bf3 Bb5 51. h5 gxh5 52. Bxh5 Ke7 53. Bd1 Bc6 54. Be2 1/2-1/2

[Event "4NCL Online Division 3"]
[Site "online"]
[Date "2021.02.23"]
[EventDate "2021.02.23"]
[Round "3.112"]
[White "Selvaraj, Hari"]
[WhiteElo "1934"]
[WhiteTeam "MCS Oxford A"]
[Black "Byway, Paul V"]
[BlackTitle "FM"]
[BlackElo "2017"]
[BlackTeam "Hertford 1"]
[Result "0-1"]
[PlyCount "56"]

1. d4 Nf6 2. c4 e6 3. Nf3 d5 4. Nc3 Be7 5. e3 O-O 6. Be2 b6 7. b3 Bb7 8. Bb2 Nbd7 9. O-O c5 10. Qd3 cxd4 11. exd4 Rc8 12. Rfd1 Qc7 13. Nb5 Qb8 14. Rac1 Rfd8 15. h3 Ne4 16. Qe3 Ndf6 17. Ne5 a6 18. Nc3 Nxc3 19. Bxc3 Ba3 20. Rc2 Qd6 21. Qf4 Qe7 22. Qg3 Ne4 23. Qg4 f6 24. Nf3 Bd6 25. Nd2 f5 26. Qf3 Nxd2 27. Rcxd2 dxc4 28. Qe3 f4 0-1

[Event "4NCL Online Division 3"]
[Site "online"]
[Date "2021.02.23"]
[EventDate "2021.02.23"]
[Round "3.113"]
[White "Capes, Ian"]
[WhiteElo "1915"]
[WhiteTeam "Hertford 1"]
[Black "Zhu, Hou Ning"]
[BlackElo "1830"]
[BlackTeam "MCS Oxford A"]
[Result "1-0"]
[PlyCount "121"]

1. d4 Nf6 2. Bf4 e6 3. Nf3 b6 4. e3 Bb7 5. Bd3 Be7 6. h3 d6 7. c3 Nbd7 8. Nbd2 c5 9. O-O O-O 10. Qe2 Rc8 11. Rac1 Qc7 12. Bh2 Rfd8 13. e4 c4 14. Bb1 Ne8 15. e5 d5 16. Ne1 Nf8 17. f4 b5 18. a3 a5 19. f5 Qd7 20. Qf3 exf5 21. Bxf5 Ne6 22. Bg4 Bf8 23. Bg3 Ra8 24. Nc2 g6 25. Rf2 Ra7 26. Rcf1 Bc6 27. h4 h5 28. Bxe6 Qxe6 29. Qf4 Rdd7 30. Nf3 Qg4 31. Qxg4 hxg4 32. Ng5 Rdb7 33. Ne3 Bh6 34. Nxg4 Bxg5 35. hxg5 Bd7 36. Nh6+ Kh8 37. Nxf7+ Kh7 38. Nh6 Bf5 39. Nxf5 gxf5 40. Rxf5 Ng7 41. Rf6 b4 42. axb4 axb4 43. Be1 Ra2 44. g6+ Kh6 45. Bd2+ Kh5 46. Rf7 Raa7 47. Rxb7 Rxb7 48. Rf6 bxc3 49. bxc3 Ne8 50. Rf8 Re7 51. Rf7 Re6 52. Rd7 Kxg6 53. Rxd5 Kf5 54. Kf2 Ke4 55. Rc5 Kd3 56. Be1 Ng7 57. g4 Rg6 58. Kf3 Ne6 59. Rc8 Ng5+ 60. Kf4 Ne4 61. d5 1-0

[Event "4NCL Online Division 3"]
[Site "online"]
[Date "2021.02.23"]
[EventDate "2021.02.23"]
[Round "3.114"]
[White "Khan, Samir"]
[WhiteElo "1664"]
[WhiteTeam "MCS Oxford A"]
[Black "Morris, Simon P"]
[BlackElo "1916"]
[BlackTeam "Hertford 1"]
[Result "1/2-1/2"]
[PlyCount "100"]

1. e4 d5 2. exd5 Nf6 3. Nc3 Nxd5 4. Nxd5 Qxd5 5. d4 Nc6 6. Be3 Bf5 7. Nf3 e6 8. Bd3 Rd8 9. O-O Bg4 10. Be2 Be7 11. c3 O-O 12. Qb3 Qxb3 13. axb3 a6 14. Rfe1 Rfe8 15. h3 Bf5 16. b4 Nb8 17. b5 axb5 18. Bxb5 c6 19. Be2 b5 20. Ra8 Bf6 21. Rea1 Nd7 22. Rxd8 Rxd8 23. Ra6 Rc8 24. Bf4 h6 25. Bd6 Bd8 26. Ne5 Nxe5 27. dxe5 Be4 28. f3 Bc2 29. Kf2 Bg5 30. g3 Bc1 31. Ra1 Bg5 32. f4 Bd8 33. Ra6 Bb3 34. Bf3 Bd5 35. Bxd5 cxd5 36. Ke2 g5 37. Ra3 gxf4 38. gxf4 Bc7 39. Ra7 Bxd6 40. exd6 Rd8 41. Ra6 Kf8 42. Kd3 Ke8 43. Kd4 Kd7 44. Kc5 Rc8+ 45. Kxb5 f6 46. Ra7+ Kxd6 47. Ra6+ Kd7 48. Ra7+ Kd6 49. Ra6+ Kd7 50. Ra7+ Kd6 1/2-1/2

[Event "4NCL Online Division 3"]
[Site "online"]
[Date "2021.02.23"]
[EventDate "2021.02.23"]
[Round "3.121"]
[White "Blasczyk, Martin"]
[WhiteElo "1711"]
[WhiteTeam "Atticus B"]
[Black "Jennings, Richard"]
[BlackElo "2013"]
[BlackTeam "Alba Bon Accord 2"]
[Result "0-1"]
[PlyCount "52"]

1. e4 e5 2. Nf3 Nf6 3. Nc3 Nc6 4. Bb5 Nd4 5. Ba4 Nxf3+ 6. Qxf3 c6 7. O-O d6 8. h3 Be7 9. d3 O-O 10. Ne2 Re8 11. c3 Be6 12. Ng3 g6 13. Bh6 Kh8 14. Rfd1 Ng8 15. Bd2 Qb6 16. b4 a5 17. a3 axb4 18. axb4 Ra6 19. Ra3 Rea8 20. Rda1 Qc7 21. Bc1 b5 22. Bc2 Rxa3 23. Rxa3 Rxa3 24. Bxa3 Qa7 25. Bc1 Qa1 26. Ne2 Bg5 0-1